Kitakami Pokémon - Statistics

General Stats
  • This quiz has been taken 48 times
  • The average score is 138 of 200
Answer Stats
No. Type Pokémon % Correct
#035 Grass/Dragon Appletun
87%
#033 Grass/Dragon Applin
87%
#036 Grass/Dragon Dipplin
87%
#034 Grass/Dragon Flapple
87%
#095 Electric/Dark Morpeko
87%
#001 Bug/Poison Spinarak
87%
#019 Poison Arbok
80%
#002 Bug/Poison Ariados
80%
#011 Water Corphish
80%
#012 Water/Dark Crawdaunt
80%
#016 Bug/Fairy Cutiefly
80%
#007 Dark Poochyena
80%
#003 Bug/Flying Yanma
80%
#018 Poison Ekans
80%
#044 Water/Flying Gyarados
80%
#049 Bug/Fighting Heracross
80%
#015 Bug/Grass Leavanny
80%
#043 Water Magikarp
80%
#008 Dark Mightyena
80%
#200 Grass Ogerpon
80%
#197 Poison/Fighting Okidogi
80%
#039 Water Poliwag
80%
#040 Water Poliwhirl
80%
#006 Water/Ground Quagsire
80%
#017 Bug/Fairy Ribombee
80%
#013 Bug/Grass Sewaddle
80%
#014 Bug/Grass Swadloon
80%
#005 Water/Ground Wooper
80%
#004 Bug/Flying Yanmega
80%
#101 Fighting/Ghost Annihilape
73%
#023 Grass/Poison Bellsprout
73%
#187 Dark/Steel Bisharp
73%
#087 Fighting Conkeldurr
73%
#185 Flying/Water Cramorant
73%
#199 Poison/Fairy Fezandipiti
73%
#118 Ghost/Poison Gastly
73%
#120 Ghost/Poison Gengar
73%
#080 Rock/Ground Geodude
73%
#121 Ground/Flying Gligar
73%
#122 Ground/Flying Gliscor
73%
#082 Rock/Ground Golem
73%
#081 Rock/Ground Graveler
73%
#086 Fighting Gurdurr
73%
#094 Psychic/Fairy Hatterene
73%
#119 Ghost/Poison Haunter
73%
#045 Normal/Flying Hoothoot
73%
#124 Dark/Fire Houndoom
73%
#123 Dark/Fire Houndour
73%
#010 Bug Illumise
73%
#188 Dark/Steel Kingambit
73%
#065 Fighting/Steel Lucario
73%
#110 Electric Luxio
73%
#111 Electric Luxray
73%
#145 Fire/Rock Magcargo
73%
#052 Ice/Ground Mamoswine
73%
#099 Fighting Mankey
73%
#137 Fighting Mienfoo
73%
#138 Fighting Mienshao
73%
#198 Poison/Psychic Munkidori
73%
#046 Normal/Flying Noctowl
73%
#055 Grass/Dark Nuzleaf
73%
#115 Varies/Flying Oricorio
73%
#020 Electric Pichu
73%
#021 Electric Pikachu
73%
#051 Ice/Ground Piloswine
73%
#042 Water Politoed
73%
#041 Water/Fighting Poliwrath
73%
#076 Grass/Ghost Poltchageist
73%
#100 Fighting Primeape
73%
#022 Electric Raichu
73%
#064 Fighting Riolu
73%
#054 Grass Seedot
73%
#056 Grass/Dark Shiftry
73%
#109 Electric Shinx
73%
#077 Grass/Ghost Sinistcha
73%
#144 Fire Slugma
73%
#030 Normal/Flying Staraptor
73%
#029 Normal/Flying Staravia
73%
#028 Normal/Flying Starly
73%
#050 Ice/Ground Swinub
73%
#085 Fighting Timburr
73%
#196 Ground/Normal Ursaluna
73%
#025 Grass/Poison Victreebel
73%
#009 Bug Volbeat
73%
#024 Grass/Poison Weepinbell
73%
#079 Fire Arcanine
67%
#162 Water/Ground Barboach
67%
#195 Water/Ghost Basculegion
67%
#194 Water Basculin
67%
#134 Flying/Dark Bombirdier
67%
#155 Steel/Psychic Bronzong
67%
#154 Steel/Psychic Bronzor
67%
#167 Rock/Fairy Carbink
67%
#148 Ghost/Fire Chandelure
67%
#113 Bug/Electric Charjabug
67%
#183 Water Chewtle
67%
#153 Fairy Clefable
67%
#152 Fairy Clefairy
67%
#151 Fairy Cleffa
67%
#184 Water/Rock Drednaw
67%
#181 Water/Flying Ducklett
67%
#140 Ghost Dusclops
67%
#141 Ghost Dusknoir
67%
#139 Ghost Duskull
67%
#176 Electric Eelektrik
67%
#177 Electric Eelektross
67%
#031 Grass Fomantis
67%
#174 Ice/Ghost Froslass
67%
#027 Normal Furret
67%
#165 Dragon/Ground Gabite
67%
#060 Psychic/Fighting Gallade
67%
#166 Dragon/Ground Garchomp
67%
#059 Psychic/Fairy Gardevoir
67%
#164 Dragon/Ground Gible
67%
#173 Ice Glalie
67%
#156 Rock/Poison Glimmet
67%
#157 Rock/Poison Glimmora
67%
#180 Dragon Goodra
67%
#178 Dragon Goomy
67%
#073 Normal Greedent
67%
#192 Dark/Fairy Grimmsnarl
67%
#078 Fire Growlithe
67%
#112 Bug Grubbin
67%
#132 Dragon/Fighting Hakamo-o
67%
#092 Psychic Hatenna
67%
#093 Psychic Hattrem
67%
#190 Dark/Fairy Impidimp
67%
#193 Psychic/Normal Indeedee
67%
#131 Dragon Jangmo-o
67%
#058 Psychic/Fairy Kirlia
67%
#135 Poison Koffing
67%
#133 Dragon/Fighting Kommo-o
67%
#061 Bug Kricketot
67%
#062 Bug Kricketune
67%
#147 Ghost/Fire Lampent
67%
#146 Ghost/Fire Litwick
67%
#105 Water/Grass Lombre
67%
#104 Water/Grass Lotad
67%
#106 Water/Grass Ludicolo
67%
#032 Grass Lurantis
67%
#071 Rock Lycanroc
67%
#128 Dark/Flying Mandibuzz
67%
#150 Bug/Flying Masquerain
67%
#189 Ghost/Fairy Mimikyu
67%
#191 Dark/Fairy Morgrem
67%
#038 Fire Ninetales
67%
#088 Flying/Dragon Noibat
67%
#089 Flying/Dragon Noivern
67%
#107 Rock Nosepass
67%
#063 Electric Pachirisu
67%
#186 Dark/Steel Pawniard
67%
#068 Ghost/Grass Phantump
67%
#108 Rock/Steel Probopass
67%
#057 Psychic/Fairy Ralts
67%
#070 Rock Rockruff
67%
#168 Poison/Fire Salandit
67%
#169 Poison/Fire Salazzle
67%
#116 Ground Sandshrew
67%
#117 Ground Sandslash
67%
#026 Normal Sentret
67%
#072 Normal Skwovet
67%
#179 Dragon Sliggoo
67%
#170 Dark/Ice Sneasel
67%
#172 Ice Snorunt
67%
#149 Bug/Water Surskit
67%
#182 Water/Flying Swanna
67%
#074 Ground/Grass Toedscool
67%
#075 Ground/Grass Toedscruel
67%
#069 Ghost/Grass Trevenant
67%
#175 Electric Tynamo
67%
#114 Bug/Electric Vikavolt
67%
#127 Dark/Flying Vullaby
67%
#037 Fire Vulpix
67%
#171 Dark/Ice Weavile
67%
#136 Poison Weezing
67%
#163 Water/Ground Whiscash
67%
#083 Rock Bonsly
60%
#158 Water Feebas
60%
#159 Water Milotic
60%
#129 Ground Mudbray
60%
#130 Ground Mudsdale
60%
#096 Steel Orthworm
60%
#084 Rock Sudowoodo
60%
#047 Normal Aipom
53%
#048 Normal Ambipom
53%
#090 Water Arrokuda
53%
#091 Water Barraskewda
53%
#161 Normal Dudunsparce
53%
#160 Normal Dunsparce
53%
#126 Psychic Grumpig
53%
#067 Grass Lilligant
53%
#066 Grass Petilil
53%
#125 Psychic Spoink
53%
#143 Psychic Chimecho
47%
#142 Psychic Chingling
47%
#102 Normal Munchlax
47%
#103 Normal Snorlax
47%
#053 Normal Stantler
47%
#098 Normal Maushold
40%
#097 Normal Tandemaus
40%
No matching quizzes found
Score Distribution
Percent of People with Each Score
Percentile by Number Answered
Your Score History
You have not taken this quiz